Music Quiz

Random Music or Clickable Quiz
Score 0/55 Timer 10:00
0 Plays Today
% Correct
April rain
85.4%
August night
85.4%
she wonderful
85.4%
she precious
85.4%
yester love
83.3%
yester dreams
83.3%
yester fools
83.3%
yester glow
83.3%
autumn breeze
79.2%
she pretty
79.2%
no Halloween
77.1%
perfect harmony
77.1%
New Years
75%
warm July
72.9%
Christmas joy
72.9%
childhood sweetheart
68.8%
thirteen month
68.8%
seven years
68.8%
bad luck
68.8%
I adore
68.8%
piano keyboard
66.7%
angel's best
62.5%
heaven blessed
62.5%
live together
62.5%
the devil's
58.3%
lookin' glass
58.3%
harvest moon
56.3%
making one
56.3%
% Correct
blossomed tenderly
56.3%
ladder's bout
56.3%
together alive
56.3%
is Aisha
54.2%
mama boohooed
54.2%
who conceived
52.1%
papa disapproved
52.1%
Libra sun
50%
hoodlum friends
50%
needs me
50%
summer's high
47.9%
magnolia tree
47.9%
principal's office
47.9%
stay around
47.9%
whoopin' your
45.8%
smokin' cigarettes
43.8%
showed appreciation
41.7%
for Christmas
41.7%
playin' doctor
41.7%
Sunday school
41.7%
same wherever
41.7%
one minute
37.5%
Milky Way
37.5%
distant cloud
35.4%
Little Rock
29.2%
myself drowning
27.1%
world crumbles
22.9%

You're not logged in!

Compare scores with friends on all Sporcle quizzes.
OR
Log In

Sporcle TV

Today on Sporcle TV


Watch our educational content, quiz creation guides, and fun videos on Sporcle TV.

Show Comments

Extras

Top Quizzes Today


Score Distribution

Paid Content

Your Account Isn't Verified!

In order to create a playlist on Sporcle, you need to verify the email address you used during registration. Go to your Sporcle Settings to finish the process.

Report this User

Report this user for behavior that violates our Community Guidelines.

Details: